TMNF maps - Statistics

General Stats
  • This quiz has been taken 10 times
  • The average score is 9 of 33
Answers on the Grid
Answers color-coded by a green-red scale on the quiz's grid according to % correct below.
A01-Race
A02-Obstacle
A03-Race
A04-Race
A05-Acrobatic
A06-Race
A07-Race
A08-Speed
A09-Obstacle
A10-Acrobatic
A11-Race
A12-Race
A13-Race
A14-Race
A15-Endurance
B01-Race
B02-Speed
B03-Acrobatic
B04-Race
B05-Race
B06-Obstacle
B07-Race
B08-Speed
B09-Obstacle
B10-Speed
B11-Acrobatic
B12-Speed
B13-Obstacle
B14-Speed
B15-Race
C01-Race
C02-Obstacle
C03-Endurance
C04-Race
C05-Endurance
C06-Speed
C07-Obstacle
C08-Race
C09-Speed
C10-Acrobatic
C11-Obstacle
C12-Obstacle
C13-Speed
C14-Endurance
C15-Speed
D01-Endurance
D02-Acrobatic
D03-Race
D04-Race
D05-Obstacle
D06-Endurance
D07-Speed
D08-Speed
D09-Obstacle
D10-Acrobatic
D11-Acrobatic
D12-Speed
D13-Race
D14-Obstacle
D15-Endurance
E01-Acrobatic
E02-Race
E03-Endurance
E04-Acrobatic
E05-Endurance
 
Answer Stats
Answer % Correct
A01-Race
50%
A03-Race
50%
A10-Acrobatic
50%
D01-Endurance
50%
D11-Acrobatic
50%
E03-Endurance
50%
A07-Race
33%
A11-Race
33%
A13-Race
33%
B01-Race
33%
B05-Race
33%
B13-Obstacle
33%
B15-Race
33%
C04-Race
33%
C05-Endurance
33%
C12-Obstacle
33%
D09-Obstacle
33%
D15-Endurance
33%
E05-Endurance
33%
A14-Race
17%
B07-Race
17%
B14-Speed
17%
C01-Race
17%
C06-Speed
17%
C14-Endurance
17%
C15-Speed
17%
D04-Race
17%
D12-Speed
17%
D13-Race
17%
B06-Obstacle
0%
B10-Speed
0%
C10-Acrobatic
0%
D08-Speed
0%
No matching quizzes found
Score Distribution
Percent of People with Each Score
Percentile by Number Answered
Your Score History
You have not taken this quiz